Manifiesto contra el atentado ruidoso que algunos profesores thomistas con que intentaron día 27 de febrero del año 1731, ...

Detalles Bibliográficos
Autor principal: COLLADOS, Salvador
Formato: Libro
Publicado: s.l. s.d.
Materias:
Colección:Banco de datos
Acervo:Biblioteca del Ex Convento de Nuestra Señora de Guadalupe. Zacatecas
Tema general:Derecho Eclesiástico
Notas:Buena. XXI,4,3 (6636). Encuadernado con Respuesta al precursor de la Escuela Thomista, remisiones al manifiesto
LEADER 00822nam a22001930004500
035 |a 44338 
036 |a 5522 
100 1 |a COLLADOS, Salvador 
245 1 0 |a Manifiesto contra el atentado ruidoso que algunos profesores thomistas con que intentaron día 27 de febrero del año 1731, ... 
260 |a s.l.  |b s.i.  |c s.d. 
500 |a Buena. XXI,4,3 (6636). Encuadernado con Respuesta al precursor de la Escuela Thomista, remisiones al manifiesto 
650 1 0 |a Derecho Eclesiástico 
949 |a CRZ-CG 
959 |a Ex convento de Nuestra Señora de Guadalupe, Museo Regional de Zacatecas, Zacatecas  |b CCC4 
960 |a Convento de Nuestra Señora de Guadalupe, Zacatecas  |b DD87 
961 |a Franciscana  |b OF 
942 |c CRZ-CG 
943 |g Biblioteca del Ex Convento de Nuestra Señora de Guadalupe. Zacatecas 
999 |c 968465  |d 968465